Score 0/15 Timer 02:00
0 Plays Today
Hint Film % Correct
ETORFRS MPGUForrest Gump
97%
YTROTroy
93.7%
BNE-RUHBen-Hur
91.6%
EAEARBRHTVBraveheart
83.6%
BHELIEZATElizabeth
83.6%
CUBTH SIDYSCA NDA HET DSNUCEAN DKIButch Cassidy and the Sundance Kid
80.5%
NOEG TIHW HET DIWNGone with the Wind
78.8%
HET GSKNI ECEHSPThe King's Speech
77.4%
Hint Film % Correct
ACINITTTitanic
73.9%
VTIEAEvita
70.6%
HET TTPAOIRThe Patriot
65.5%
ESUAMDAAmadeus
56.9%
A GTHSNKI ELATA Knight's Tale
53.8%
IMDAASTAmistad
48.1%
EURHTLLuther
35.9%
Remove Ads.
Support Sporcle.
Get the best of Sporcle when you Go Orange. This ad-free experience offers more features, more stats, and more fun while also helping to support Sporcle. Thank you for becoming a member.

You're not logged in!

Compare scores with friends on all Sporcle quizzes.
OR
Log In

Show Comments

Extras

Top Quizzes Today


Score Distribution

Your Account Isn't Verified!

In order to create a playlist on Sporcle, you need to verify the email address you used during registration. Go to your Sporcle Settings to finish the process.

Report this User

Report this user for behavior that violates our Community Guidelines.

Details: